[Event "Tarrega Tardor op 1st"]
[Site "Tarrega"]
[Date "2015.11.06"]
[Round "6"]
[White "Nadal Gene, Ramon"]
[Black "Coria Gonzalez, Joaquim"]
[Result "0-1"]
[WhiteElo "1832"]
[BlackElo "1738"]
[PlyCount "70"]
[EventDate "2015.10.02"]
[EventType "swiss"]
[EventRounds "8"]
[EventCountry "ESP"]
[SourceTitle "CBM 169 Extra"]
[Source "ChessBase"]
[SourceDate "2015.12.18"]
[SourceVersion "1"]
[SourceVersionDate "2015.12.18"]
[SourceQuality "1"]

1. e4 e5 2. Nf3 Nc6 3. Bc4 h6 4. Nc3 Nf6 5. a3 Bc5 6. h3 0-0 7. d3 Nd4 8. 0-0 d6 9. Rb1 a6 10. Ba2 b5 11. b4 Bb6 12. Nd5 Nxd5 13. Bxd5 c6 14. Ba2 a5 15. c3 Nxf3+ 16. Qxf3 axb4 17. cxb4 Bd4 18. Qg3 Qf6 19. Kh1 g5 20. f4 Kh7 21. f5 Rg8 22. Qg4 Kg7 23. Qh5 Kf8 24. Qe2 Ke7 25. g4 Rh8 26. Kg2 Bb7 27. Qc2 h5 28. Qb3 Rh7 29. h4 gxh4 30. g5 Rg8 31. Kh1 Qh8 32. g6 d5 33. gxh7 Rg3 34. Qc2 Rh3+ 35. Kg2 Qg7+ 0-1

[Event "Tarrega Tardor op 1st"]
[Site "Tarrega"]
[Date "2015.10.30"]
[Round "5"]
[White "Coria Gonzalez, Joaquim"]
[Black "Mo Riasol, Guillem"]
[Result "1-0"]
[WhiteElo "1738"]
[BlackElo "1407"]
[PlyCount "39"]
[EventDate "2015.10.02"]
[EventType "swiss"]
[EventRounds "8"]
[EventCountry "ESP"]
[SourceTitle "CBM 169 Extra"]
[Source "ChessBase"]
[SourceDate "2015.12.18"]
[SourceVersion "1"]
[SourceVersionDate "2015.12.18"]
[SourceQuality "1"]

1. e4 e5 2. Nf3 Nc6 3. Bc4 Bc5 4. d3 d6 5. Ng5 Qe7 6. Nxf7 Qf6 7. 0-0 Qg6 8. Nxh8 Qf6 9. Qh5+ g6 10. Qxh7 Nge7 11. Bf7+ Kd7 12. Bxg6 Nd4 13. Qh3+ Kc6 14. Be8+ Bd7 15. Qxd7+ Kb6 16. Qb5+ Nxb5 17. Bxb5 Qxh8 18. c4 Qg7 19. a4 Rb8 20. a5# 1-0

[Event "Tarrega Tardor op 1st"]
[Site "Tarrega"]
[Date "2015.10.23"]
[Round "4"]
[White "Sole Pijuan, Ferran"]
[Black "Coria Gonzalez, Joaquim"]
[Result "1-0"]
[WhiteElo "2088"]
[BlackElo "1738"]
[PlyCount "38"]
[EventDate "2015.10.02"]
[EventType "swiss"]
[EventRounds "8"]
[EventCountry "ESP"]
[SourceTitle "CBM 169 Extra"]
[Source "ChessBase"]
[SourceDate "2015.12.18"]
[SourceVersion "1"]
[SourceVersionDate "2015.12.18"]
[SourceQuality "1"]

1. d4 d5 2. c4 dxc4 3. e3 b5 4. a4 c6 5. axb5 cxb5 6. Qf3 Bb7 7. Qxb7 Nd7 8. Qxb5 e6 9. Bxc4 Ngf6 10. Nf3 Bd6 11. 0-0 0-0 12. Nc3 Qc7 13. Bd3 Rab8 14. Qg5 h6 15. Qh4 Nh7 16. Nb5 Qb6 17. Nxd6 Qxd6 18. Rxa7 f5 19. Qg3 Qb6 1-0